World Capitals - No Vowels - Statistics

General Stats
  • This quiz has been taken 9 times
  • The average score is 104 of 196
Answer Stats
Country Capital City % Correct
Hungary Bdpst
100%
Germany Brln
100%
Belgium Brssls
100%
Denmark Cpnhgn
100%
Finland Hlsnk
100%
Belarus Mnsk
100%
Andorra ndrr l Vll
100%
Samoa p
100%
Cape Verde Pr
100%
Czech Republic Prg
100%
France Prs
100%
Bulgaria Sf
100%
Bosnia and Herzegovina Srjv
100%
Greece thns
100%
Austria Vnn
100%
Croatia Zgrb
100%
Ireland Dbln
86%
Luxembourg Lxmbrg
86%
Monaco Mnc
86%
Italy Rm
86%
Estonia Tllnn
86%
Albania Trn
86%
Lithuania Vlns
86%
Romania Bchrst
71%
Serbia Blgrd
71%
Switzerland Brn
71%
Lebanon Brt
71%
Guinea-Bissau Bss
71%
Moldova Chșn
71%
Ukraine Kyv
71%
Angola Lnd
71%
Portugal Lsbn
71%
Spain Mdrd
71%
Russia Mscw
71%
Netherlands mstrdm
71%
Latvia Rg
71%
Iceland Rykjvk
71%
Norway sl
71%
South Korea Sl
71%
Yemen Sn'
71%
San Marino Sn Mrn
71%
Liechtenstein Vdz
71%
Malta Vlltt
71%
Poland Wrsw
71%
Iraq Bghdd
57%
Colombia Bgt
57%
Nigeria bj
57%
China Bjng
57%
Central African Republic Bng
57%
Argentina Bns rs
57%
Barbados Brdgtwn
57%
Brazil Brsl
57%
Slovakia Brtslv
57%
Egypt Cr
57%
Venezuela Crcs
57%
Ethiopia dds bb
57%
Qatar Dh
57%
Bangladesh Dhk
57%
East Timor Dl
57%
Guyana Grgtwn
57%
Guatemala Gtml Cty
57%
Cuba Hvn
57%
Indonesia Jkrt
57%
Israel Jrslm
57%
Afghanistan Kbl
57%
Malaysia Kl Lmpr
57%
Jamaica Kngstn
57%
Saint Vincent and the Grenadines Kngstwn
57%
Nepal Kthmnd
57%
Kuwait Kwt Cty
57%
Algeria lgrs
57%
Slovenia Ljbljn
57%
Peru | Togo Lm
57%
Mongolia lnbtr
57%
United Kingdom Lndn
57%
Bolivia L Pz / Scr
57%
Nicaragua Mng
57%
Philippines Mnl
57%
Uruguay Mntvd
57%
Mexico Mxc Cty
57%
Bahamas Nss
57%
India Nw Dlh
57%
Panama Pnm Cty
57%
Kosovo Prstn
57%
North Korea Pyngyng
57%
Ecuador Qt
57%
Saudi Arabia Rydh
57%
North Macedonia Skpj
57%
Pakistan slmbd
57%
Singapore Sngpr
57%
El Salvador Sn Slvdr
57%
Chile Sntg
57%
Sweden Stckhlm
57%
Fiji Sv
57%
Iran Thrn
57%
Japan Tky
57%
Uzbekistan Tshknt
57%
Canada ttw
57%
Vatican City Vtcn Cty
57%
United States Wshngtn D.C.
57%
Azerbaijan Bk
43%
Belize Blmpn
43%
Brunei Bndr Sr Bgwn
43%
Thailand Bngkk
43%
Republic of the Congo Brzzvll
43%
Kyrgyzstan Bshkk
43%
Ghana ccr
43%
Equatorial Guinea Cdd d l Pz
43%
Australia Cnbrr
43%
Syria Dmscs
43%
Tajikistan Dshnb
43%
Botswana Gbrn
43%
Burkina Faso gdg
43%
Burundi Gtg
43%
Vietnam Hn
43%
Zimbabwe Hrr
43%
Sudan Khrtm
43%
Uganda Kmpl
43%
Democratic Republic of the Congo Knshs
43%
Maldives Ml
43%
Jordan mmn
43%
Bahrain Mnm
43%
Comoros Mrn
43%
Oman Msct
43%
Cyprus Ncs
43%
Chad N'Djmn
43%
Turkey nkr
43%
Kenya Nrb
43%
Cambodia Phnm Pnh
43%
Suriname Prmrb
43%
Trinidad and Tobago Prt-f-Spn
43%
Papua New Guinea Prt Mrsby
43%
Benin Prt-Nv / Ctn
43%
Haiti Prt- -Prnc
43%
South Africa Prtr / Cp Twn / Blmfntn
43%
Vanuatu Prt Vl
43%
Morocco Rbt
43%
Dominica Rs
43%
Paraguay sncn
43%
Costa Rica Sn Js
43%
Dominican Republic Snt Dmng
43%
Sri Lanka Sr Jywrdnpr Ktt
43%
Kazakhstan stn
43%
Georgia Tbls
43%
Bhutan Thmph
43%
Taiwan Tp
43%
Libya Trpl
43%
Laos Vntn
43%
New Zealand Wllngtn
43%
Cameroon Ynd
43%
Armenia Yrvn
43%
United Arab Emirates b Dhb
29%
Mali Bmk
29%
Gambia Bnjl
29%
Saint Kitts and Nevis Bsstrr
29%
Guinea Cnkry
29%
Saint Lucia Cstrs
29%
Tanzania Ddm
29%
Djibouti Djbt
29%
Senegal Dkr
29%
Tuvalu Fnft
29%
Sierra Leone Frtwn
29%
Solomon Islands Hnr
29%
South Sudan Jb
29%
Rwanda Kgl
29%
Gabon Lbrvll
29%
Malawi Llngw
29%
Zambia Lsk
29%
Eswatini Mbbn
29%
Somalia Mgdsh
29%
Marshall Islands Mjr
29%
Liberia Mnrv
29%
Mozambique Mpt
29%
Lesotho Msr
29%
Palau Ngrlmd
29%
Mauritania Nkchtt
29%
Tonga Nkʻlf
29%
Niger Nmy
29%
Madagascar ntnnrv
29%
Myanmar Nypydw
29%
Montenegro Pdgrc
29%
Federated States of Micronesia Plkr
29%
Mauritius Prt Ls
29%
Turkmenistan shgbt
29%
Eritrea smr
29%
Grenada Snt Grg's
29%
Antigua and Barbuda Snt Jhn's
29%
Kiribati Sth Trw
29%
São Tomé and Príncipe S Tm
29%
Honduras Tgcglp
29%
Tunisia Tns
29%
Seychelles Vctr
29%
Namibia Wndhk
29%
Ivory Coast Ymsskr
29%
Nauru Yrn
29%
No matching quizzes found
Score Distribution
Percent of People with Each Score
Percentile by Number Answered
Your Score History
You have not taken this quiz